| 000 | 00626nam a2200145 a 4500 | ||
|---|---|---|---|
| 008 | 130926s1980 ||||||||||||||||| || u | ||
| 050 | _aZ 6658 LEW | ||
| 110 | _aH. K. Lewis & Co. Ltd | ||
| 245 | 1 | 0 |
_aLewis's medical book list, 1980 _c[compiled] by H. K. Lewis & Co. Ltd. |
| 260 |
_aLondon: _bMedical & Scientific Booksellers & Pub _c1980 |
||
| 300 | _a112p. | ||
| 650 | _aMEDICINE--BIBLIOGRAPHY | ||
| 650 | _aMEDICINE--HISTORY--SOURCES--BIBLIOGRAPHY | ||
| 995 |
_aMEDICAL LIBRARY OPEN ACCESS _e902343 _FCBU-SCHOOL OF MEDICINE LIBRARY (Ndola) _jZ 6658 LEW _M1 _UAVAILABLE _WNov 6, 2013 _y902343 _ZMedical Library Open Access Collection |
||
| 999 |
_c31910 _d31910 |
||